Central Library OPAC University of Rajshahi

Mergers and acquisitions / (Record no. 81528)

MARC details
000 -LEADER
fixed length control field 00903nam a2200289 a 4500
001 - CONTROL NUMBER
control field 81528
003 - CONTROL NUMBER IDENTIFIER
rucl marc code BD-RjUL
005 - DATE AND TIME OF LATEST TRANSACTION
control field 20230619135024.0
008 - FIXED-LENGTH DATA ELEMENTS--GENERAL INFORMATION
fixed length control field 230619r20182011ii k b 001 0 eng
020 ## - INTERNATIONAL STANDARD BOOK NUMBER
International Standard Book Number 9780198064510 (pbk.)
International Standard Book Number 0198064519 (pbk.)
035 ## - SYSTEM CONTROL NUMBER
System control number (BD-RjUL)81528
040 ## - CATALOGING SOURCE
Original cataloging agency DLC
Transcribing agency DLC
Language of cataloging eng
041 ## - LANGUAGE CODE
Language code of text/sound track or separate title eng
082 ## - DEWEY DECIMAL CLASSIFICATION NUMBER
Edition number 23
Classification number 658.162
Author mark and year AUM 2018
100 1# - MAIN ENTRY--PERSONAL NAME
Personal name Aurora, Rajinder S.
9 (RLIN) 7915
245 10 - TITLE STATEMENT
Title Mergers and acquisitions /
Statement of responsibility, etc. Rajinder S. Aurora, Kavita Shetty, Sharad R. Kale.
250 ## - EDITION STATEMENT
Edition statement 1st ed.
260 ## - PUBLICATION, DISTRIBUTION, ETC. (IMPRINT)
Place of publication, distribution, etc. New Delhi :
Name of publisher, distributor, etc. Oxford University Press
Date of publication, distribution, etc. 2011, [Impression 2018]
300 ## - PHYSICAL DESCRIPTION
Pagination xx, 380 p. :
Illustrations ill.;
Size 24 cm.
504 ## - BIBLIOGRAPHY, ETC. NOTE
Bibliography, etc Includes bibliographical references and index.
650 #0 - SUBJECT ADDED ENTRY--TOPICAL TERM
Topical term or geographic name as entry element Consolidation and merger of corporations.
9 (RLIN) 7916
700 1# - ADDED ENTRY--PERSONAL NAME
Personal name Shetty, Kavita
Personal name Kale, Sharad R.
942 ## - ADDED ENTRY ELEMENTS (KOHA)
Source of classification or shelving scheme Dewey Decimal Classification
Koha item type Books
Holdings
Lost status Source of classification or shelving scheme Damaged status Not for loan Collection code Permanent Location Current Location Shelving location Date acquired Source of acquisition Cost, normal purchase price Total Checkouts Full call number Date last seen Copy number Koha item type
  Dewey Decimal Classification   Not For Loan Non-fiction Central Library, University of Rajshahi Central Library, University of Rajshahi General Stacks 15/05/2023 Dhaka : BM Book 770.00   658.162 AUM 2018 19/06/2023 C-1 Books
  Dewey Decimal Classification     Non-fiction Central Library, University of Rajshahi Central Library, University of Rajshahi General Stacks 15/05/2023 Dhaka : BM Book 770.00   658.162 AUM 2018 19/06/2023 C-2 Books